Score 0/12 Timer 03:00
6 Plays Today
% Correct
Walter White
99.7%
Saul Goodman
90.6%
Walter White Jr.
88.9%
Hank Schrader
88.1%
Jesse Pinkman
87.7%
Mike Ehrmantraut
85.4%
Skyler White
82.9%
Gustavo Fring
82.8%
Marie Schrader
78.1%
Hector Salamanca
70.9%
Todd
62.8%
Marco & Leonel Salamanca
49.8%
Remove Ads.
Support Sporcle.
Get the best of Sporcle when you Go Orange. This ad-free experience offers more features, more stats, and more fun while also helping to support Sporcle. Thank you for becoming a member.

You're not logged in!

Compare scores with friends on all Sporcle quizzes.
OR
Log In

Show Comments

Extras

Top Quizzes Today


Score Distribution

Your Account Isn't Verified!

In order to create a playlist on Sporcle, you need to verify the email address you used during registration. Go to your Sporcle Settings to finish the process.

Report this User

Report this user for behavior that violates our Community Guidelines.

Details: